Recherches sur le traitement du choléra-morbus / (Record no. 163097)

MARC details
000 -LEADER
campo de control de longitud fija 00721nam a2200181 i 4500
001 - NÚMERO DE CONTROL
campo de control 163097
003 - IDENTIFICADOR DE NÚMERO DE CONTROL
campo de control ES-MaACL
005 - FECHA Y HORA DE LA ÚLTIMA TRANSACCIÓN
campo de control 20230906212652.0
008 - DATOS DE LONGITUD FIJA--INFORMACIÓN GENERAL
campo de control de longitud fija 050707s1832 fr | |||||||| ||fre d
040 ## - FUENTE DE CATALOGACIÓN
Centro catalogador/agencia de origen CAM
Lengua de catalogación spa
Centro/agencia transcriptor CAM
100 1# - ENTRADA PRINCIPAL--NOMBRE DE PERSONA
Nombre de persona Recamier, Joseph Claude Anthelme.
9 (RLIN) 131647
245 10 - MENCIÓN DEL TÍTULO
Título Recherches sur le traitement du choléra-morbus /
Mención de responsabilidad, etc. par J.-C.-A. Récamier.
260 ## - PUBLICACIÓN, DISTRIBUCIÓN, ETC.
Lugar de publicación, distribución, etc. Paris :
Nombre del editor, distribuidor, etc. Librairie Médicale de Gabon,
Fecha de publicación, distribución, etc. 1832 (
Fabricante Imprimerie de Cosson)
300 ## - DESCRIPCIÓN FÍSICA
Extensión 56 p. ;
Dimensiones 22 cm.
500 ## - NOTA GENERAL
Nota general Extraites de la Revue Médicale, cahier de mars 1832, et augmentées d'un premier supplément.
650 #4 - PUNTO DE ACCESO ADICIONAL DE MATERIA--TÉRMINO DE MATERIA
Término de materia o nombre geográfico como elemento de entrada Cólera-
Subdivisión general Tratamiento.
9 (RLIN) 157013
852 ## - LOCALIZACIÓN
Ubicación ES-MaACL
Número de control de estantería T-485-F-2
Nota libre -- Enc. hol.
-- -- Enc. en un vol. facticio
Holdings
Estatus retirado Estado de pérdida Estado de daño No para préstamo Colección Biblioteca de origen Biblioteca actual Ubicación en estantería Fecha de adquisición Total de préstamos Signatura topográfica completa Código de barras Visto por última vez Precio de reemplazo Tipo de ítem Koha
        Colección de folletos Biblioteca del Ateneo de Madrid Biblioteca del Ateneo de Madrid Depósito folletos 17/01/2008   T-485-F-2 1170904 23/02/2023 23/02/2023 Folleto